000 00642nam a2200229Ia 4500
003 OSt
005 20220926004511.0
006 a|||||r|||| 00| 0
007 ta
008 220923b |||||||| |||| 00| 0 eng d
037 _cGeneral Book
040 _aRTL
_cRTL
_beng
041 _2eng
_aeng
082 _aV2,31p. N80, M0.112-1
110 _aINDIA, RAJYA SABHA
_9263636
245 0 _aOfficial report.
260 _a New Delhi
_bRajya sabha secretariat.
_c1980
300 _aix; 28p.
_ccm.
700 _aINDIA, RAJYA SABHA
_9263637
942 _hV2,31p. N80, M0.112-1
_cGB
_2CC
999 _c611356
_d611356